000 01065njm a2200289Ia 4500
001 40755
003 IT-RoPAU
005 20220918181138.0
008 131025s9999 xx 000 0 und d
040 _aIT-RoPAU
040 _cIT-RoPAU
999 _c101041
_d101041
999 _bn.d.
100 _aVangelis Papathanass
_922255
100 _eAutore musica
_922256
100 _gCodice autore musica SPICS: 11474
_922257
245 _aChariots of Fire-Music From The Original Soundtrack By Vangelis
250 _a1a ed.
260 _aITALIA
260 _bPOLYDOR
_c1981 [1a Ed.:1981 - Ed. Lingua Orig.: 1981]
300 _aDISCO
300 _c42 minuti (Testo: pag.)
500 _aColonna sonora originale del film omonimo. Strumentale
505 _aTitles (3:25) - Five Circles (5:12) - Abraham's Theme (3:14) - Eric's Theme (4:09) - 100 Metres - Jerusalem (By Parry) - Chariots of Fire (20:37)
650 _aCOLONNA SONORA [DISCHI]
_eCodice MATERIA SPICS: 9950
_922258
700 _aVangelis Papathanass
_gCodice interprete SPICS: 11474
_eInterprete
_922259
942 _cMD
_2ddc